• 首页
  • 本馆介绍
  • 公告通知
  • 最新文献
  • 馆藏检索
  • 电子资源
  • 读者导购
  • 参考咨询
  • 我的图书馆
  • 登录
  • 详细信息显示
  • 放入我的书架
  • 预约/预借图书
  • 作者相关作品
  • 分类相关作品
  • 丛书相关作品
  • 出版社相关作品

书目信息

  • 表格格式
  • 工作单格式
  • 卡片格式
题名:
义务教育化学课程标准
    
 
作者: ;中华人民共和国教育部 制定
分册:  
出版信息: 北京   北京师范大学出版社  2022
页数: 80页
开本: 26cm
丛书名:
单 册:
中图分类: G633.83 , G632.3
科图分类:
主题词: 中学化学课--课程标准--初中
电子资源:
ISBN: 978-7-303-27610-3
000 00956nam0 2200241 450
001 012024000950
005 20241120093048.23
010    @a978-7-303-27610-3@dCNY15.00
100    @a20241119d2022 em y0chiy50 ea
101 0  @achi
102    @aCN@b110000
105    @ay z 000yy
106    @ar
200 1  @a义务教育化学课程标准@Ayi wu jiao yu hua xue ke cheng biao zhun@e2022年版@f中华人民共和国教育部制定
210    @a北京@c北京师范大学出版社@d2022
215    @a80页@d26cm
330    @a本书分为“课程性质”“课程理念”“课程目标”“课程内容”“学业质量”“课程实施”六部分,内容包括:核心素养内涵、目标要求、科学探究与化学实验、物质的性质与应用、学业质量内涵、教学建议、评价建议等。
606 0  @a中学化学课@x课程标准@x初中
690    @aG633.83@v5
690    @aG632.3@v4
711 02 @a中华人民共和国教育部@Azhong hua ren min gong he guo jiao yu bu@4制定
801  0 @aCN@bAHXH@c20241119
905    @b214173776@b214173785@b214173794@dG632.3@e1578@f3
    
    义务教育化学课程标准:2022年版/中华人民共和国教育部制定.-北京:北京师范大学出版社,2022
    80页;26cm
    
    
    ISBN 978-7-303-27610-3:CNY15.00
    本书分为“课程性质”“课程理念”“课程目标”“课程内容”“学业质量”“课程实施”六部分,内容包括:核心素养内涵、目标要求、科学探究与化学实验、物质的性质与应用、学业质量内涵、教学建议、评价建议等。
●
相关链接 在E读中查询图书 在五车中查询图书 在当当中查询图书 在豆瓣中查询图书


正题名:义务教育化学课程标准     索取号:G632.3/1578         预约/预借

序号 登录号 条形码 馆藏地/架位号 状态 备注
1 1417377   214173776   第一样本阅览室/ [索取号:G632.3/1578] 在馆    
2 1417378   214173785   第四借阅区/ [索取号:G632.3/1578] 在馆    
3 1417379   214173794   第四借阅区/ [索取号:G632.3/1578] 在馆    
唐山师范学院图书馆 欢迎您!
大连网信软件有限公司© 版权所有